000 00493nam a2200157Ia 4500
003 sisc
005 20180307145209.0
008 180305s9999 xx 000 0 und d
020 _a9748279901
100 _aDoenges, Marilynn E.
245 _cMarilynn E. Doenges, Mary Frances Moorhouse, Alice Geissler-Murr
_aNurse Pocket Guide:
_bDiagnoses, Interventions, and Rationales
250 _a8th ed.
260 _aThailand
_bF.A. Davis Company
_c2002
300 _aix, 717 Pages
942 _2lcc
_cBK
999 _c356052
_d356052